| 000 | 00531nam a2200205Ia 4500 | ||
|---|---|---|---|
| 003 | GCL | ||
| 008 | 140319s9999 xx 000 0 eng d | ||
| 040 |
_aGCL / _cGCL |
||
| 082 | 0 | 4 |
_a6177 _bK N |
| 100 | 1 | _aKUPERSMITH M.J | |
| 245 | 1 | 0 |
_aNEEURO- VASCULAR NEURO OPHTHALMOLOGY / _cKUPERSMITH M.J |
| 260 |
_a[S.N] : _bSPRINGER - VERLAG ، _c1993 |
||
| 300 | _a554 P | ||
| 650 | 0 | 4 | _aFYE |
| 650 | 0 | 4 | _aNEURO-OPHTHOLMOLOGY |
| 650 | 0 | 4 | _aOCCULAR MANIFESTATIONS |
| 650 | 0 | 4 | _aBLOOD VESSELS |
| 650 | 0 | 4 | _aDISEASES |
| 942 |
_2ddc _cBK |
||
| 999 |
_c22702 _d22702 |
||